[Event "Hamar CC-ch"]
[Site "Hamar"]
[Date "2009.04.23"]
[Round "8"]
[White "Kristiansen, Ole Jakob"]
[Black "Ormasen, Odd Steinar"]
[Result "0-1"]
[WhiteElo "1759"]
[BlackElo "1718"]
[PlyCount "66"]
[EventDate "2009.01.08"]
[EventType "swiss"]
[EventRounds "9"]
[EventCountry "NOR"]
[SourceTitle "EXT 2024"]
[Source "ChessBase"]
[SourceDate "2023.10.10"]
[SourceVersion "1"]
[SourceVersionDate "2023.10.10"]
[SourceQuality "1"]

1. e4 e5 2. Nc3 Nf6 3. Bc4 Nc6 4. d3 Bb4 5. a3 Bxc3+ 6. bxc3 d5 7. exd5 Nxd5 8. Qf3 Be6 9. Rb1 0-0 10. Ne2 Qd6 11. 0-0 Na5 12. Ba2 b6 13. Qg3 Ne7 14. Bxe6 Qxe6 15. Bd2 Nac6 16. f4 f6 17. Qf3 Rad8 18. f5 Qa2 19. Rbc1 Rf7 20. Ng3 Qxa3 21. Ne4 a5 22. Qh5 Nd5 23. Rf3 Nf4 24. Bxf4 exf4 25. Rcf1 Qb2 26. Rh3 h6 27. Qe2 a4 28. Qd1 a3 29. Qb1 Ra8 30. Rhf3 Re7 31. Rxf4 Re5 32. Nd2 Rb5 33. Qa1 Qxc2 0-1

[Event "Hamar CC-ch"]
[Site "Hamar"]
[Date "2008.05.15"]
[Round "5"]
[White "Kristiansen, Ole Jakob"]
[Black "Nilsen, Thomas"]
[Result "1-0"]
[WhiteElo "1807"]
[BlackElo "1598"]
[PlyCount "89"]
[EventDate "2008.01.03"]
[EventType "swiss"]
[EventRounds "9"]
[EventCountry "NOR"]
[SourceTitle "EXT 2024"]
[Source "ChessBase"]
[SourceDate "2023.10.10"]
[SourceVersion "1"]
[SourceVersionDate "2023.10.10"]
[SourceQuality "1"]

1. e4 c6 2. d4 d5 3. Nc3 dxe4 4. Nxe4 Bf5 5. Ng3 Bg6 6. h4 h6 7. Nh3 e6 8. Nf4 Bh7 9. Be3 Nf6 10. Bd3 Bxd3 11. Qxd3 Nbd7 12. 0-0-0 Qc7 13. Rhe1 0-0-0 14. Kb1 Bd6 15. Nge2 Kb8 16. f3 Nb6 17. Qb3 Nfd5 18. Nxd5 exd5 19. Qd3 Nc4 20. Bc1 Ka8 21. b3 Nb6 22. Qf5 Qd7 23. Qxd7 Rxd7 24. Nf4 g6 25. h5 g5 26. Nd3 f6 27. Re6 Rf8 28. Rde1 Kb8 29. R1e2 Rff7 30. Nf2 Rfe7 31. Ng4 Rxe6 32. Rxe6 Kc7 33. Nxf6 Re7 34. Ne8+ Kd7 35. Rxd6+ Kxe8 36. Rxh6 Rg7 37. Rg6 Rxg6 38. hxg6 Kf8 39. Bxg5 Kg7 40. Bd8 Nd7 41. Kc1 Kxg6 42. Kd2 Nf8 43. Kc3 Ne6 44. Bh4 a6 45. g4 1-0

[Event "Hamar CC-ch"]
[Site "Hamar"]
[Date "2008.02.28"]
[Round "4"]
[White "Kristiansen, Ole Jakob"]
[Black "Brobakken, Geir"]
[Result "0-1"]
[WhiteElo "1807"]
[BlackElo "1660"]
[PlyCount "156"]
[EventDate "2008.01.03"]
[EventType "swiss"]
[EventRounds "9"]
[EventCountry "NOR"]
[SourceTitle "EXT 2024"]
[Source "ChessBase"]
[SourceDate "2023.10.10"]
[SourceVersion "1"]
[SourceVersionDate "2023.10.10"]
[SourceQuality "1"]

1. e4 c6 2. d4 d5 3. Nc3 dxe4 4. Nxe4 Bf5 5. Ng3 Bg6 6. h4 h6 7. Nf3 Nd7 8. h5 Bh7 9. Bd3 Bxd3 10. Qxd3 Qc7 11. Bd2 e6 12. c4 Ngf6 13. Kf1 Bd6 14. Ne2 0-0 15. c5 Be7 16. Bf4 Qd8 17. Rd1 Nd5 18. Bc1 b6 19. cxb6 axb6 20. a3 c5 21. g4 cxd4 22. Nexd4 Nc5 23. Qc2 Qc8 24. g5 hxg5 25. Bxg5 Qa6+ 26. Kg1 Qa4 27. b3 Qd7 28. h6 g6 29. h7+ Kh8 30. b4 Bxg5 31. Nxg5 Qe7 32. Ngf3 Na4 33. Nc6 Qf6 34. Nce5 Nac3 35. Rd3 Rxa3 36. Ng4 Ra1+ 37. Kg2 Nf4+ 38. Kg3 Ne4+ 39. Kh2 Rxh1+ 40. Kxh1 Qa1+ 41. Rd1 Qa8 42. Kh2 Nh5 43. Rd4 Qb8+ 44. Kg1 Nef6 45. Nxf6 Nxf6 46. Qb2 Kxh7 47. Ng5+ Kh6 48. Qd2 Kg7 49. Rh4 Qe5 50. Nf3 Qa1+ 51. Kg2 Nh5 52. Qg5 Kh7 53. Qe3 b5 54. Qg5 f5 55. Rd4 Rf7 56. Qe3 Re7 57. Ng5+ Kg7 58. Qe5+ Nf6 59. Nxe6+ Rxe6 60. Rd7+ Kh6 61. Qxa1 Nxd7 62. Qh8+ Kg5 63. Qd4 Nf6 64. Qd3 Ne4 65. Qxb5 Kf4 66. Qe2 Rd6 67. Qe3+ Ke5 68. f3 Rd2+ 69. Kf1 Rd1+ 70. Ke2 Rd4 71. b5 f4 72. Qxe4+ Rxe4+ 73. fxe4 Kd6 74. Kf3 g5 75. Kg4 Kc5 76. e5 Kxb5 77. e6 Kc6 78. Kxg5 f3 0-1

[Event "Hamar CC-ch"]
[Site "Hamar"]
[Date "2008.01.17"]
[Round "2"]
[White "Kristiansen, Ole Jakob"]
[Black "Storli, Frode"]
[Result "1-0"]
[WhiteElo "1807"]
[BlackElo "1424"]
[PlyCount "43"]
[EventDate "2008.01.03"]
[EventType "swiss"]
[EventRounds "9"]
[EventCountry "NOR"]
[SourceTitle "EXT 2024"]
[Source "ChessBase"]
[SourceDate "2023.10.10"]
[SourceVersion "1"]
[SourceVersionDate "2023.10.10"]
[SourceQuality "1"]

1. e4 e6 2. d4 d5 3. Be3 Nf6 4. Nd2 Be7 5. e5 Nfd7 6. Qg4 Rg8 7. Bd3 g6 8. h4 h5 9. Qg3 c5 10. Ngf3 cxd4 11. Nxd4 a6 12. Nxe6 Qa5 13. Nd4 Nf8 14. 0-0 Ne6 15. Nf5 Nc6 16. Nxe7 Nxe7 17. c4 d4 18. Bg5 Nxg5 19. Qxg5 Bg4 20. Ne4 Rh8 21. Nd6+ Kf8 22. Nxf7 1-0

[Event "Hamar op"]
[Site "Hamar"]
[Date "2007.09.20"]
[Round "2"]
[White "Kristiansen, Ole Jakob"]
[Black "Nilsen, Thomas"]
[Result "1-0"]
[WhiteElo "1781"]
[BlackElo "1602"]
[PlyCount "57"]
[EventDate "2007.09.06"]
[EventType "swiss"]
[EventRounds "7"]
[EventCountry "NOR"]
[SourceTitle "EXT 2024"]
[Source "ChessBase"]
[SourceDate "2023.10.10"]
[SourceVersion "1"]
[SourceVersionDate "2023.10.10"]
[SourceQuality "1"]

1. c4 e5 2. Nc3 Nf6 3. Nf3 Nc6 4. a3 a5 5. e3 d5 6. cxd5 Nxd5 7. Qc2 Nxc3 8. bxc3 Bg4 9. Qe4 f5 10. Qa4 Bxf3 11. gxf3 Qd5 12. e4 Qc5 13. Rb1 0-0-0 14. Rb5 Qa7 15. Bh3 Bc5 16. Rf1 Kb8 17. Qc4 Bb6 18. Bxf5 g6 19. Be6 Rhf8 20. Ke2 g5 21. d3 h6 22. a4 Qa6 23. Ba3 Rf6 24. Rfb1 Re8 25. Bd5 Nd8 26. Qb3 g4 27. c4 gxf3+ 28. Kf1 Ne6 29. Bxe6 1-0

[Event "Hamar CC-ch"]
[Site "Hamar"]
[Date "2007.03.29"]
[Round "7"]
[White "Kristiansen, Ole Jakob"]
[Black "Sangen, Kjetil"]
[Result "1-0"]
[WhiteElo "1804"]
[BlackElo "1432"]
[PlyCount "25"]
[EventDate "2007.01.04"]
[EventType "swiss"]
[EventRounds "9"]
[EventCountry "NOR"]
[SourceTitle "EXT 2024"]
[Source "ChessBase"]
[SourceDate "2023.10.10"]
[SourceVersion "1"]
[SourceVersionDate "2023.10.10"]
[SourceQuality "1"]

1. c4 Nf6 2. Nc3 e6 3. e4 d5 4. e5 d4 5. exf6 dxc3 6. bxc3 Qxf6 7. d4 e5 8. Nf3 Bd6 9. Bg5 Qe6 10. Be3 Qe7 11. c5 exd4 12. cxd6 Qxd6 13. Qxd4 1-0

[Event "Hamar CC-ch"]
[Site "Hamar"]
[Date "2007.03.01"]
[Round "5"]
[White "Nygard, Per"]
[Black "Kristiansen, Ole Jakob"]
[Result "0-1"]
[WhiteElo "1251"]
[BlackElo "1804"]
[PlyCount "54"]
[EventDate "2007.01.04"]
[EventType "swiss"]
[EventRounds "9"]
[EventCountry "NOR"]
[SourceTitle "EXT 2024"]
[Source "ChessBase"]
[SourceDate "2023.10.10"]
[SourceVersion "1"]
[SourceVersionDate "2023.10.10"]
[SourceQuality "1"]

1. c4 e5 2. e3 f5 3. d4 e4 4. Ne2 Nf6 5. Ng3 d6 6. Be2 Nc6 7. 0-0 g6 8. f3 exf3 9. Bxf3 Bg7 10. Bxc6+ bxc6 11. Nc3 d5 12. cxd5 cxd5 13. Qa4+ Bd7 14. Qa3 Bf8 15. Qa5 Bc6 16. Nxf5 gxf5 17. Rxf5 Bg7 18. Re5+ Kf7 19. Bd2 Rf8 20. Rf1 Kg8 21. Qa6 Qd6 22. Qe2 Rae8 23. Rg5 Kh8 24. a3 Bb7 25. Rff5 Bc8 26. Rxd5 Nxd5 27. Nxd5 Ba6 0-1